000 00747nam a2200193 a 4500
003 AM-YeHGA
040 _aAM-YeHGA
090 _c444750
005 20250618075217.0
008 180405s1960 ru |||||r|||||00||0|rus||
041 0 _arus
245 0 0 _aЭвенкийские народные сказки /
_c[Сост., вступ. статья, с. 3-24, и примеч. М. Г. Воскобойникова].
260 _aЯкутск :
_bКн. изд-во,
_c1960.
300 _a155 с. ;
_c21 см.
650 1 4 _aСказки эвенкийские (х. л.)
650 1 4 _aХудожественная литература
_94918
700 1 _aВоскобойников, Михаил Григорьевич
_eсост.
942 _2udc
_cBK
999 _c441964
_d441964